|
|
|
|
| LEADER |
02243nam a2200385 i 4500 |
| 001 |
35042 |
| 003 |
BD-DhAAL |
| 005 |
20220627125935.0 |
| 008 |
190805t20162016njua 000 0 eng d |
| 999 |
|
|
|c 40876
|d 40876
|
| 010 |
|
|
|a 2014021757
|
| 020 |
|
|
|a 9780321979476
|
| 020 |
|
|
|a 0321979478
|
| 040 |
|
|
|a DLC
|b eng
|c DLC
|e rda
|d DLC
|d BD-DhAAL
|
| 042 |
|
|
|a pcc
|
| 050 |
0 |
0 |
|a QA154.3
|b .S763 2016
|
| 082 |
0 |
0 |
|a 512.9
|2 23
|
| 100 |
1 |
|
|a Sullivan, Michael,
|d 1942-
|9 33321
|
| 245 |
1 |
0 |
|a College algebra /
|c Michael Sullivan, Chicago State University.
|
| 250 |
|
|
|a Tenth edition.
|
| 260 |
|
|
|a Boston :
|b Pearson,
|c c2016
|
| 300 |
|
|
|a xxx, 711 pages :
|b illustrations (some color) ;
|c 29 cm.
|
| 526 |
|
|
|a MNS
|
| 541 |
|
|
|a Trim Education
|e 35042, 35043, 35135, 36343, 36344, 39035
|
| 650 |
|
0 |
|a Algebra
|v Textbooks.
|9 33322
|
| 650 |
|
0 |
|a Algebra
|x Study and teaching (Higher).
|9 33323
|
| 650 |
|
0 |
|a Mathematics.
|9 49730
|
| 852 |
|
|
|a Ayesha Abed Library
|c General Stacks
|
| 942 |
|
|
|2 ddc
|c BK
|
| 952 |
|
|
|0 0
|1 0
|2 ddc
|4 0
|6 512_900000000000000_SUL
|7 0
|9 65999
|a BRACUL
|b BRACUL
|c GEN
|d 2019-08-01
|e Trim Education
|g 16629.00
|l 32
|m 118
|o 512.9 SUL
|p 3010035042
|r 2026-05-15
|s 2026-02-02
|t 1
|v 16629.00
|w 2019-08-01
|y BK
|
| 952 |
|
|
|0 0
|1 0
|2 ddc
|4 0
|6 512_900000000000000_SUL
|7 0
|9 66000
|a BRACUL
|b BRACUL
|c GEN
|d 2019-08-01
|e Trim Education
|g 16629.00
|l 6
|m 56
|o 512.9 SUL
|p 3010035043
|q 2025-01-16
|r 2023-05-18
|s 2023-05-18
|t 2
|v 16629.00
|w 2019-08-01
|y BK
|
| 952 |
|
|
|0 0
|1 0
|2 ddc
|4 0
|6 512_900000000000000_SUL
|7 0
|9 66001
|a BRACUL
|b BRACUL
|c GEN
|d 2019-08-01
|e Trim Education
|g 16629.00
|l 19
|m 139
|o 512.9 SUL
|p 3010035135
|r 2026-01-15
|s 2026-01-11
|t 3
|v 16629.00
|w 2019-08-01
|y BK
|
| 952 |
|
|
|0 0
|1 0
|2 ddc
|4 0
|6 512_900000000000000_SUL
|7 0
|9 66645
|a BRACUL
|b BRACUL
|c GEN
|d 2019-10-01
|e Trim Education
|g 16629.00
|l 25
|m 102
|o 512.9 SUL
|p 3010036344
|q 2026-05-20
|r 2025-11-01
|s 2025-11-01
|t 5
|v 16629.00
|w 2019-10-01
|y BK
|
| 952 |
|
|
|0 0
|1 0
|2 ddc
|4 0
|6 512_900000000000000_SUL
|7 0
|9 66646
|a BRACUL
|b BRACUL
|c GEN
|d 2019-10-01
|e Trim Education
|g 16629.00
|l 16
|m 95
|o 512.9 SUL
|p 3010036343
|r 2025-09-22
|s 2025-07-10
|t 4
|v 16629.00
|w 2019-10-01
|y BK
|
| 952 |
|
|
|0 0
|1 0
|2 ddc
|4 0
|6 512_900000000000000_SUL
|7 0
|9 71103
|a BRACUL
|b BRACUL
|c GEN
|d 2022-06-23
|e Trim Education
|g 13820.00
|l 26
|m 74
|o 512.9 SUL
|p 3010039035
|r 2026-04-22
|s 2026-02-01
|t 1
|v 13820.00
|w 2022-06-23
|y BK
|